| 000 | 00631nam a2200205Ia 4500 | ||
|---|---|---|---|
| 003 | GCL | ||
| 008 | 140319s9999 xx 000 0 eng d | ||
| 040 |
_aGCL / _cGCL |
||
| 082 | 0 | 4 |
_a617.8 _bC H |
| 100 | 1 | _aCOLMAN, BERNARD H. | |
| 245 | 1 | 0 |
_aHALL & COLMON'S : DISEASES OF THE NOSE, THROAT AND EAR, AND HEAD AND NECK: A HANDBOOK FOR STUDENTS AND PRACTITIONERS / _cCOLMAN, BERNARD H. |
| 260 |
_a[S.N] : _bELBS CHURCHILL LIVINGSTONE ، _c1993 |
||
| 300 | _a393 P | ||
| 650 | 0 | 4 | _aEAR DISEASES |
| 650 | 0 | 4 | _aOTOLARYNGOLOGY |
| 650 | 0 | 4 | _aNOSE DISEASES |
| 650 | 0 | 4 | _aTHROAT DISEASES |
| 650 | 0 | 4 | _aNECK DISEASES |
| 942 |
_2ddc _cBK |
||
| 999 |
_c20494 _d20494 |
||